Carta al General Lucas García por los diputados Asamblea (Costa Rica)
Guardat en:
| Format: | Llibre |
|---|---|
| Idioma: | Spanish |
| Etiquetes: |
Afegir etiqueta
Sense etiquetes, Sigues el primer a etiquetar aquest registre!
|
MARC
| LEADER | 00000nam a22000007a 4500 | ||
|---|---|---|---|
| 003 | cru CIDCACS/IIS | ||
| 005 | 20191206151422.0 | ||
| 007 | ta | ||
| 008 | 191206s1980 cr |||||r||||||0| ||spa|d | ||
| 999 | |c 42732 |d 42732 | ||
| 040 | |c cru CIDCACS/IIS | ||
| 245 | 1 | |a Carta al General Lucas García por los diputados Asamblea (Costa Rica) | |
| 300 | |a páginas 22-24 | ||
| 773 | 0 | |0 42204 |9 4022 |a Comisión Centroamericana de Derechos Humanos (Costa Rica) |d San José, Costa Rica: Comisión Centroamericana de Derechos Humanos |o 17738 |t Denuncia y Solidaridad/ | |
| 942 | |2 ddc |c PP | ||
